De humanos a ciborgs : (Record no. 196162)

MARC details
000 -LEADER
campo de control de longitud fija 02464nam a2200409 i 4500
001 - NÚMERO DE CONTROL
campo de control 196162
003 - IDENTIFICADOR DE NÚMERO DE CONTROL
campo de control ES-MaACL
005 - FECHA Y HORA DE LA ÚLTIMA TRANSACCIÓN
campo de control 20250708182627.0
008 - DATOS DE LONGITUD FIJA--INFORMACIÓN GENERAL
campo de control de longitud fija 240816s2022 sp a | |||| 000 0 spa
015 ## - NÚMERO DE BIBLIOGRAFÍA NACIONAL
Número de bibliografía nacional MON22
017 ## - NÚMERO DE COPYRIGHT O DE DEPÓSITO LEGAL
Número de copyright o de depósito legal MA 736-2022
Agencia que asigna Oficina Depósito Legal Málaga
020 ## - NÚMERO INTERNACIONAL ESTÁNDAR DEL LIBRO
Número Internacional Estándar del Libro 9788418492198
035 ## - NÚMERO DE CONTROL DEL SISTEMA
Número de control de sistema (SpMaBN)a7187958
035 ## - NÚMERO DE CONTROL DEL SISTEMA
Número de control de sistema 991045600239708606
040 ## - FUENTE DE CATALOGACIÓN
Centro catalogador/agencia de origen SpMaBN
Lengua de catalogación spa
Centro/agencia transcriptor SpMaBN
Normas de descripción rda
080 ## - NÚMERO DE LA CLASIFICACIÓN DECIMAL UNIVERSAL
Número de la Clasificación Decimal Universal 165.7"19/20"
080 ## - NÚMERO DE LA CLASIFICACIÓN DECIMAL UNIVERSAL
Número de la Clasificación Decimal Universal 608.1
100 ## - ENTRADA PRINCIPAL--NOMBRE DE PERSONA
Nombre de persona Domínguez, J. J.,
Fechas asociadas al nombre 1972-
9 (RLIN) 238406
Término indicativo de función/relación Autor
245 10 - MENCIÓN DEL TÍTULO
Título De humanos a ciborgs :
Resto del título los límites del mejoramiento humano /
Mención de responsabilidad, etc. J.J. Domínguez.
250 ## - MENCION DE EDICION
Mención de edición Primera edición, mayo de 2022
264 #1 - PRODUCCIÓN, PUBLICACIÓN, DISTRIBUCIÓN, FABRICACIÓN Y COPYRIGHT
Producción, publicación, distribución, fabricación y copyright Málaga :
Nombre del de productor, editor, distribuidor, fabricante Última Línea,
Fecha de producción, publicación, distribución, fabricación o copyright [2022].
264 #4 - PRODUCCIÓN, PUBLICACIÓN, DISTRIBUCIÓN, FABRICACIÓN Y COPYRIGHT
Fecha de producción, publicación, distribución, fabricación o copyright ©2022
300 ## - DESCRIPCIÓN FÍSICA
Extensión 352 páginas :
Otras características físicas ilustraciones (blanco y negro y color) ;
Dimensiones 23 cm.
336 ## - TIPO DE CONTENIDO
Término de tipo de contenido Texto
Fuente rdacontent
337 ## - TIPO DE MEDIO
Nombre/término del tipo de medio sin mediación
Fuente rdamedia
338 ## - TIPO DE SOPORTE
Nombre/término del tipo de soporte volumen
Fuente rdacarrier
490 1# - MENCIÓN DE SERIE
Mención de serie Última Línea de ensayo
504 ## - NOTA DE BIBLIOGRAFÍA, ETC.
Nota de bibliografía, etc. Bibliografía: páginas 327-352
520 ## - RESUMEN, ETC.
Sumario, etc. El transhumanismo es un movimiento cultural, intelectual y científico que afirma el deber moral de mejorar las capacidades físicas y cognitivas de la especie humana, y de aplicar al ser humano las nuevas tecnologías, para que se puedan eliminar aspectos no deseados de la condición humana, como son: el sufrimiento, la enfermedad, el envejecimiento y hasta la condición mortal. La aplicación en la medicina actual de las nuevas tecnologías convergentes æNBICÆ (Nanotecnología, Biotecnología, Inteligencia Artificial y Cognociencias) propicia el concepto de æHuman EnhacementÆ(Mejoramiento Humano) que propugna la modificación de la información genética del ser humano y la hibridación con las máquinas, no solamente con el fin de librarnos de aquello que se supone negativo, es decir, las deficiencias y enfermedades, sino también de optimizar nuestras capacidades físcas e intelectuales, e incluso dar paso a una mueva especia "mejorada, el "posthumano".
650 #0 - PUNTO DE ACCESO ADICIONAL DE MATERIA--TÉRMINO DE MATERIA
Término de materia o nombre geográfico como elemento de entrada Transhumanismo
9 (RLIN) 238407
650 #4 - PUNTO DE ACCESO ADICIONAL DE MATERIA--TÉRMINO DE MATERIA
Término de materia o nombre geográfico como elemento de entrada Biotecnología-
Subdivisión general Aspectos morales
9 (RLIN) 10594
852 ## - LOCALIZACIÓN
Ubicación ES-MaACL
Ubicación en estantería Depósito J
Número de control de estantería N-9230
Donativo/Legado Donación: Editorial
Encuadernación Encuadernación rústica con solapas
itemnumber 205191
942 ## - ELEMENTOS DE ENTRADA SECUNDARIOS (KOHA)
Tipo de ítem Koha Libro impreso
Suprimir en OPAC No
Holdings
Estatus retirado Estado de pérdida Fuente del sistema de clasificación o colocación Estado de daño No para préstamo Biblioteca de origen Biblioteca actual Ubicación en estantería Fecha de adquisición Fuente de adquisición Total de préstamos Signatura topográfica completa Código de barras Visto por última vez Precio de reemplazo Tipo de ítem Koha
    Clasificación decimal universal     Biblioteca del Ateneo de Madrid Biblioteca del Ateneo de Madrid Depósito J 05/05/2025 Donación   N-9230 101229967 05/05/2025 05/05/2025 Libro impreso